Na slovo s Jurajom Špitzerom

Bibliographic Details
Other Authors: M. Š. (Interviewer)
Format: Article
Language:Slovak
Subjects:

MARC

LEADER 00000nab a2200000uu 4500
001 vtls011521999
003 SK-MaSNL
005 20260304013501.0
008 230704|1968 xo |||||||||||||||||slo|
015 |a SNBRB 
035 |a (urnnbn)urn:nbn:sk:snk:ar-002360 
035 |a (uuid)24a48bd0-ff4a-4ff1-872c-9a52b02553f5 
035 |a urn:nbn:sk:snk-abea3t 
040 |a SNKBUCL  |b slo  |c SNKBUCL  |e AACR2 
041 0 |a slo 
044 |a xo  |c SK 
100 0 |a M. Š.  |4 ivr  |9 225007 
245 1 0 |a Na slovo s Jurajom Špitzerom  |c otázky kládol M. Š. 
600 1 7 |a Špitzer, Juraj,  |d 1919-1995  |2 SNKMA  |9 108225 
655 7 |a rozhovory  |2 SNKPH  |9 31831 
700 1 |a Špitzer, Juraj,  |d 1919-1995  |4 ive  |9 108225 
773 0 |t Slovenské pohľady  |g Roč. 84, č. 9 (1968), s. 2-13 
850 |a Slovenská národná knižnica 
852 |a Slovenská národná knižnica 
954 |a odborná, vedecká literatúra pôvodná (slovenská)  |2 lita 
958 |a OND 
958 |a EUIPO 
958 |a article21 
999 |c 2575994  |d 2577924